000 00299nam a22001337a 4500
008 181030b xxu||||| |||| 00| 0 eng d
020 _a0256015740
041 _aeng
080 _a610
100 _a4
101 _aSHM
245 _aPersonnel: A Diagnostic Approach
_cGlueck,W.F
942 _2udc
_cBK
999 _c51081
_d51081